100 Largest US Cities - L - Statistics

General Stats
  • This quiz has been taken 352 times
  • The average score is 35 of 100
Answer Stats
Rank Population City % Correct
1 3,983,540 Los Angeles, CA
100%
2 667,501 Las Vegas, NV
94%
3 615,924 Louisville, KY
93%
5 324,604 Lexington, KY
83%
87 33,340 Lexington, MA
83%
57 49,101 Lincoln, CA
83%
6 293,446 Lincoln, NE
83%
11 155,559 Lancaster, CA
72%
68 40,597 Lancaster, OH
72%
48 58,981 Lancaster, PA
72%
73 39,062 Lancaster, TX
72%
7 265,761 Laredo, TX
72%
8 263,648 Lubbock, TX
70%
85 34,205 Lafayette, CO
68%
39 70,697 Lafayette, IN
68%
12 125,813 Lafayette, LA
68%
18 104,672 Las Cruces, NM
66%
4 456,154 Long Beach, CA
66%
86 33,368 Long Beach, NY
66%
13 118,768 Lansing, MI
65%
9 196,968 Little Rock, AR
65%
14 115,566 Lakeland, FL
54%
34 78,107 Lakewood, CA
54%
10 160,441 Lakewood, CO
54%
58 49,010 Lakewood, OH
54%
45 62,089 Lakewood, WA
54%
56 50,196 Lawrence, IN
54%
20 100,205 Lawrence, KS
54%
31 79,860 Lawrence, MA
54%
17 110,267 Lowell, MA
49%
89 32,978 Lewiston, ID
46%
75 36,409 Lewiston, ME
46%
90 32,909 Laramie, WY
43%
59 48,171 Littleton, CO
42%
15 113,760 Lewisville, TX
41%
54 51,958 Logan, UT
39%
22 94,225 Lynn, MA
39%
33 78,656 Lake Charles, LA
37%
30 81,127 Loveland, CO
33%
28 83,886 Lynchburg, VA
33%
23 93,185 Lawton, OK
32%
32 79,680 Layton, UT
31%
91 32,610 Liberty, MO
31%
25 90,061 Livermore, CA
31%
29 82,511 Longview, TX
31%
71 39,224 Longview, WA
31%
19 101,027 Lee's Summit, MO
30%
40 70,395 Lakeville, MN
29%
65 42,233 Linden, NJ
28%
21 98,711 Longmont, CO
28%
16 110,598 League City, TX
26%
74 38,695 Lebanon, TN
26%
76 36,183 Lima, OH
26%
24 92,957 Livonia, MI
26%
55 50.699 La Crosse, WI
23%
88 33,132 Lawrenceville, GA
23%
53 53,655 Leesburg, VA
23%
35 77,256 Lehi, UT
23%
42 68,752 Lodi, CA
23%
27 84,970 Largo, FL
22%
80 35,627 Leavenworth, KS
22%
44 63,597 Lorain, OH
21%
52 56,177 Lenexa, KS
20%
26 85,831 Lake Forest, CA
19%
63 43,181 Lompoc, CA
19%
67 40,607 Lynnwood, WA
19%
50 57,555 Lake Havasu City, AZ
18%
49 58,969 La Mesa, CA
18%
97 29,468 Los Gatos, CA
16%
41 69,091 Lynwood, CA
15%
93 31,730 La Verne, CA
14%
84 34,488 La Porte, TX
13%
36 75,976 Leander, TX
13%
82 34,801 Lufkin, TX
13%
47 59,983 La Habra, CA
12%
61 43,685 Lombard, IL
12%
95 30,381 LaGrange, GA
11%
60 47,461 La Mirada, CA
11%
64 42,316 La Quinta, CA
11%
98 29,355 Los Altos, CA
11%
83 34,723 Leawood, KS
10%
66 41,694 Leominster, MA
10%
78 35,907 Lincoln Park, MI
10%
96 29,975 Long Branch, NJ
10%
51 56,576 Lacey, WA
9%
72 39,192 Lake Worth, FL
9%
92 31,873 Lawndale, CA
9%
94 30,831 Laguna Hills, CA
8%
43 66,997 Laguna Niguel, CA
8%
38 71,747 Lake Elsinore, CA
8%
81 35,057 Lake Stevens, WA
8%
70 39,298 La Puente, CA
8%
37 71,756 Lauderhill, FL
8%
62 43,188 Los Banos, CA
8%
69 40,418 Lake Oswego, OR
7%
79 35,742 La Vergne, TN
7%
46 60,090 Little Elm, TX
7%
77 36,114 Lauderdale Lakes, FL
6%
99 28,416 Lake in the Hills, IL
5%
100 27,235 Lemoore, CA
5%
No matching quizzes found
Score Distribution
Percent of People with Each Score
Percentile by Number Answered
Your Score History
You have not taken this quiz